| 000 | 00580nam a22002057a 4500 | ||
|---|---|---|---|
| 003 | OSt | ||
| 005 | 20140310182919.0 | ||
| 008 | 130129t xxu||||| |||| 00| 0 eng d | ||
| 020 | _a9710859048 | ||
| 050 |
_aJQ 1415 _bN793 1996 |
||
| 082 |
_aFIL 342 _bN72 1996 |
||
| 245 |
_aStudent's manual on the new constitution with study helps _cNolledo, Jose |
||
| 260 |
_aMandaluyong City : _bPhilippine Graphic Arts, Inc. _c1996 |
||
| 300 |
_a156 p. ; _c24 cm. |
||
| 521 | _acollege students | ||
| 526 | _c1210L-1700L | ||
| 541 | _j1 | ||
| 562 | _e1 | ||
| 942 |
_2lcc _cBK _kFIL |
||
| 999 |
_c17326 _d17326 |
||